000 01347cab a2200505 4500
001 ABS59430
008 090401t1998 xxu||||| |||| 00| 0 eng d
035 _a(Sirsi) u89280
041 _aeng
245 _aFocus `98; M25 junctions 8-15
260 _c1998
350 _a0
490 _aEstates Gazette
_v(9841) 10 October 1998, 91-143(17)
650 _aALLIED LONDON PROPERTIES
650 _aBANSTEAD
650 _aCHERTSEY
650 _aCOBHAM
650 _aDORKING
650 _aEGHAM
650 _aGREEN BELT DEVELOPMENT
650 _aHEATHROW
650 _aHOUNSLOW
650 _aINDUSTRIAL MARKET
650 _aInfrastructure
_96246
650 _aLEATHERHEAD
650 _aM25
650 _aMOLE VALLEY
650 _aPROPERTY-COMMERCIAL PROPERTY-OFFICE PROPERTY-OFFICE PROPERTY MARKET
650 _aPLANNING POLICY
650 _aREDHILL
650 _aREIGATE
650 _aPROPERTY-COMMERCIAL PROPERTY-RETAIL PROPERTY-RETAIL PROPERTY MARKET
650 _aRUNNYMEADE
650 _aSPECULATIVE DEVELOPMENT
650 _aSPELTHORNE
650 _aSTAINES
650 _aSTOCKLEY PARK
650 _aSURREY
650 _aTRANSPORT POLICY
650 _aWEYBRIDGE
650 _aWOKING
690 _aPROPERTY-COMMERCIAL PROPERTY-COMMERCIAL PROPERTY MARKET
942 _n0
948 _c27/10/1998
999 _c56461
_d56461